| 000 | 02916njm0a2200505 4500 | ||
|---|---|---|---|
| 001 | RU\NLR\ONIZ\298895 | ||
| 005 | 20250708193918.0 | ||
| 035 | _a(NLR Aleph) 022043771 | ||
| 071 | 0 | 0 | _aС10-21837-8 |
| 090 |
_a13285415 _c13285415 |
||
| 100 | _a20230907d1985 |||y0rusy50 ca | ||
| 102 | _aRU | ||
| 126 |
_aabbxexu ux _bxxx |
||
| 127 | _a003600 | ||
| 145 | 0 | _ab | |
| 200 | 1 |
_aКонцерт № 1 для фортепиано с оркестром _bЗвукозапись _eми минор _eсоч. 11 _fФ. Шопен _gисполняют: Евгений Кисин, Академический симфонический оркестр Московской государственной филармонии, дирижёр Дмитрий Китаенко |
|
| 203 |
_aМузыка _bисполнительская _cаудио |
||
| 210 |
_aМосква _cМелодия _gЗавод грампластинок _eЛенинград _d1985 |
||
| 215 |
_a1 грп. [ГОСТ 5289-80] (36 мин) : 33 об/мин, стерео _d30 см, в конв. |
||
| 300 | _aЗапись из Большого зала Московской консерватории, 1984 г. | ||
| 300 | _aКоммент. на конв. рус., англ. | ||
| 333 | _a18+ | ||
| 606 | 1 |
_aКонцерты для фортепиано с оркестром _yПольша _z19 в. _jЗвукозапись _2nlr_sh |
|
| 606 | 1 |
_aМузыка фортепианная польская _z19 век _jЗвукозапись _2nlr_sh |
|
| 606 | 1 |
_aПианисты советские российские _z20-21 вв. _jЗвукозапись _2nlr_sh |
|
| 606 | 1 |
_aДирижёры советские российские _z20-21 вв. _jЗвукозапись _2nlr_sh |
|
| 606 | 1 |
_aОркестры симфонические советские _z20 век _jЗвукозапись _2nlr_sh |
|
| 686 | 0 | _aЩ954.2-042(4П) | |
| 700 | 1 |
_9z01790 _aШопен _bФ. (Ф.) _f1810-1849 _gФредерик (Францишек) _4230 _7ca |
|
| 702 | 1 |
_9z02790 _aКисин _bЕ.И. _cфортепиано _f1971- _gЕвгений Игоревич _4545 _4kfp _7ca |
|
| 702 | 1 |
_9z03790 _aКитаенко _bД.Г. _cдирижёр _f1940- _gДмитрий Георгиевич _4250 _7ca |
|
| 712 | 0 | 2 |
_aАкадемический симфонический оркестр Московской государственной филармонии _4590 _7ca |
| 790 | 1 |
_9z01700 _aChopin _bF. _f1810-1849 _gFrederic _4230 _7ba |
|
| 790 | 1 |
_9z02702 _aKisin _bE. _f1971- _gEvgenij _4545 _4kfp _7ba |
|
| 790 | 1 |
_9z03702 _aKitaenko _bD. _f1940- _gDmitrij _4250 _7ba |
|
| 801 | 0 |
_aRU _bNLR _c20230907 _gPSBO |
|
| 801 | 1 |
_aRU _bNLR _c20230907 _2rusmarc |
|
| 801 | 2 |
_aRU _bNLR _c20231001 |
|
| 852 |
_aNLR _bМг _j3/8743 _p40734 _t1 |
||
| 942 | _cREC | ||
| 980 | _aNB | ||
| 980 | _aIA | ||
| 980 | _aONIZ | ||
| 996 |
_aиноагент _bp _cКисин Евгений Игоревич |
||